| 000 | 00618nam a2200205Ia 4500 | ||
|---|---|---|---|
| 003 | OSt | ||
| 005 | 20250604160319.0 | ||
| 008 | 210210b2001 xxu||||| |||| 00| 0 eng d | ||
| 040 | _cAL | ||
| 041 | _aKannada | ||
| 082 | _aK494.3 AMRM | ||
| 100 |
_aAMRATA SOMESHVARA _9139464 _dಅಮೃತ ಸೋಮೇಶ್ವರ |
||
| 245 |
_aMoya maleyala - kannada padakosha. _bಮೋಯ ಮಲಯಾಳ ಕನ್ನಡ ಪದಕೋಶ. |
||
| 260 |
_aMangaluru. _bPrakrati Prakashana., _c2001 |
||
| 300 | _a278 | ||
| 650 |
_aMalaylalam _9139465 |
||
| 690 |
_aKannada Dictionary _9139466 |
||
| 906 | _a056945 | ||
| 942 |
_2ddc _cBK |
||
| 999 |
_c104629 _d104629 |
||